| 000 | 00850cab a2200253 4500 | ||
|---|---|---|---|
| 001 | ABS58717 | ||
| 008 | 090401t1998 xxu||||| |||| 00| 0 eng d | ||
| 035 | _a(Sirsi) u86603 | ||
| 041 | _aeng | ||
| 100 | _aDobson, N. | ||
| 245 | _aPFI comes of age | ||
| 260 | _c1998 | ||
| 350 | _a0 | ||
| 490 |
_aLGC Law and Administration _v(13) 22 May 1998, 4(1) |
||
| 520 | _aLooks at how recent moves to streamline the PFI have kick-started the initiative and made it more affordable to local government. Considers in particular the Local Government (Contracts) Act 1997. | ||
| 650 | _aLOCAL GOVERNMENT (CONTRACTS) ACT 1997 | ||
| 650 | _aLOCAL GOVERNMENT FINANCE | ||
| 650 | _aPFI | ||
| 650 | _aPRIVATE FINANCE INITIATIVE | ||
| 650 | _aPUBLIC FINANCE | ||
| 690 | _aPROPERTY-PROPERTY FINANCE AND INVESTMENT | ||
| 942 | _n0 | ||
| 948 | _c05/06/1998 | ||
| 999 |
_c54527 _d54527 |
||